[Event "Isthmia op A"]
[Site "Korinthia GRE"]
[Date "2012.08.23"]
[Round "7.12"]
[White "Filippas, Sebastian"]
[Black "Hansen, Eric"]
[Result "0-1"]
[WhiteElo "2268"]
[BlackElo "2472"]
[PlyCount "54"]
[GameId "2130307693552673"]
[EventDate "2012.08.18"]
[EventType "swiss"]
[EventRounds "9"]
[EventCountry "GRE"]
[SourceTitle "The Week in Chess 929"]
[Source "Mark Crowther"]
[SourceDate "2012.08.27"]
[SourceVersion "1"]
[SourceVersionDate "2012.08.27"]
[SourceQuality "2"]

1. e4 c5 2. Nf3 e6 3. d4 cxd4 4. Nxd4 a6 5. Bd3 Bc5 6. Nb3 Be7 7. Be3 Nc6 8. N1d2 Nf6 9. f4 d6 10. Qe2 Nb4 11. Bd4 O-O 12. O-O Nd7 13. Rf3 e5 14. Bc3 exf4 15. Rxf4 Ne5 16. Nd4 d5 17. Kh1 Re8 18. Nf5 Bg5 19. Rff1 Nbxd3 20. cxd3 Bxf5 21. Rxf5 d4 22. Rxe5 Rxe5 23. Nf3 dxc3 24. Nxe5 Bf6 25. Nc4 b5 26. Ne3 cxb2 27. Rb1 Rc8 0-1

[Event "Isthmia op A"]
[Site "Korinthia GRE"]
[Date "2012.08.24"]
[Round "8.7"]
[White "Hansen, Eric"]
[Black "Akshayraj, Kore"]
[Result "1-0"]
[WhiteElo "2472"]
[BlackElo "2483"]
[PlyCount "175"]
[GameId "2130307693556787"]
[EventDate "2012.08.18"]
[EventType "swiss"]
[EventRounds "9"]
[EventCountry "GRE"]
[SourceTitle "The Week in Chess 929"]
[Source "Mark Crowther"]
[SourceDate "2012.08.27"]
[SourceVersion "1"]
[SourceVersionDate "2012.08.27"]
[SourceQuality "2"]

1. e4 c5 2. Nf3 d6 3. d4 cxd4 4. Nxd4 Nf6 5. Nc3 a6 6. Be2 e5 7. Nb3 Be7 8. O-O O-O 9. Re1 Be6 10. Bf3 Nbd7 11. a4 Qc7 12. Nd2 Rac8 13. Nf1 Qb8 14. Ne3 Bd8 15. Bd2 Bb6 16. a5 Ba7 17. Rc1 Rfe8 18. b3 b5 19. axb6 Bxb6 20. Ncd5 Bxd5 21. exd5 Qa7 22. Rf1 e4 23. Be2 Re5 24. Ra1 Nxd5 25. Bxa6 Nxe3 26. Bxe3 Rd8 27. Bf4 Rf5 28. Bg3 Bxf2+ 29. Rxf2 Rxf2 30. Be2 Qxa1 31. Qxa1 Rxe2 32. Qc3 e3 33. Kf1 Rd2 34. Be1 e2+ 35. Kf2 Rd5 36. Qc7 Rf5+ 37. Kg3 Rf8 38. Qxd7 Rf1 39. Qxd6 Rxe1 40. Qd2 Rf1 41. Qxe2 Rf6 42. Qc4 Re8 43. h3 h5 44. b4 g5 45. b5 h4+ 46. Kh2 Kg7 47. Qd4 Kg6 48. b6 Re1 49. b7 Rb1 50. c4 Kg7 51. c5 Rxb7 52. Qd5 Ra7 53. Qxg5+ Rg6 54. Qe5+ Kh7 55. Qf4 Raa6 56. Qxf7+ Kh6 57. Qf8+ Kh5 58. Qh8+ Kg5 59. Qd4 Kh5 60. Qe4 Raf6 61. Kg1 Ra6 62. Qd5+ Rg5 63. Qf3+ Kh6 64. c6 Ra1+ 65. Kh2 Rc1 66. Qf6+ Kh5 67. Qf7+ Kh6 68. Qe6+ Kh5 69. Qe8+ Kh6 70. Qh8+ Kg6 71. Qg8+ Kh6 72. Qh8+ Kg6 73. Qxh4 Rgc5 74. Qe4+ Kh6 75. h4 Rxc6 76. g3 R1c4 77. Qe5 Kh7 78. Qe7+ Kh8 79. Qf8+ Kh7 80. Kh3 Rc7 81. h5 R4c5 82. Qf3 Rg5 83. Kh4 Rcg7 84. Qd3+ Kh6 85. Qe3 Rg8 86. Qf4 R8g7 87. Qf6+ R7g6 88. Qh8# 1-0

[Event "Isthmia op A"]
[Site "Korinthia GRE"]
[Date "2012.08.25"]
[Round "9.4"]
[White "Nikolaidis, Ioannis"]
[Black "Hansen, Eric"]
[Result "0-1"]
[WhiteElo "2562"]
[BlackElo "2472"]
[PlyCount "72"]
[GameId "2130307693556808"]
[EventDate "2012.08.18"]
[EventType "swiss"]
[EventRounds "9"]
[EventCountry "GRE"]
[SourceTitle "The Week in Chess 929"]
[Source "Mark Crowther"]
[SourceDate "2012.08.27"]
[SourceVersion "1"]
[SourceVersionDate "2012.08.27"]
[SourceQuality "2"]

1. c4 Nf6 2. Nc3 d5 3. cxd5 Nxd5 4. g3 g6 5. Bg2 Nxc3 6. bxc3 Bg7 7. Nf3 Nc6 8. O-O Qd7 9. d4 b6 10. Bf4 Bb7 11. d5 Na5 12. e4 c6 13. c4 O-O 14. Rc1 cxd5 15. exd5 Rac8 16. Ne5 Bxe5 17. Bxe5 Nxc4 18. Ba1 Nd6 19. Re1 Nf5 20. Qb3 Rxc1 21. Rxc1 Rc8 22. Rd1 Qd6 23. h4 Qc5 24. Qb2 f6 25. Qe2 Rc7 26. Kh2 Kg7 27. h5 Bc8 28. Rd2 Qc4 29. Qf3 Qc1 30. Rd1 Qg5 31. hxg6 hxg6 32. Kg1 Nd6 33. Qa3 Bg4 34. Re1 Qd2 35. Rf1 Be2 36. Rb1 Bd3 0-1

[Event "Chicago op"]
[Site "Wheeling USA"]
[Date "2012.05.26"]
[Round "5"]
[White "Shankar, Gauri"]
[Black "Hansen, Eric"]
[Result "0-1"]
[WhiteElo "2307"]
[BlackElo "2454"]
[PlyCount "86"]
[GameId "2130307698241584"]
[EventDate "2012.05.24"]
[EventType "swiss"]
[EventRounds "9"]
[EventCountry "USA"]

1. e4 c5 2. Nc3 Nc6 3. g3 g6 4. Bg2 Bg7 5. d3 d6 6. Be3 e6 7. Qd2 Rb8 8. Nge2 Nd4 9. Nd1 b5 10. Nc1 b4 11. O-O h5 12. c3 bxc3 13. bxc3 Nc6 14. h3 Qa5 15. f4 Nge7 16. Ne2 Ba6 17. Bf2 Nd4 18. Rc1 Nec6 19. Be3 Nxe2+ 20. Qxe2 Qb5 21. Nf2 O-O 22. Qd2 f5 23. exf5 exf5 24. g4 Ne7 25. gxh5 gxh5 26. Qd1 Qe8 27. Kh2 Bb7 28. Bxb7 Rxb7 29. Bd2 Bf6 30. Rb1 Rxb1 31. Qxb1 Kh7 32. Qb7 Rg8 33. Rg1 Rxg1 34. Kxg1 Qg8+ 35. Kf1 Qxa2 36. Be1 Kg7 37. Qc7 Qa6 38. Qd7 Kf7 39. c4 Bd4 40. Qd8 Qc6 41. Ke2 a6 42. Nd1 Bf6 43. Bc3 Qg2+ 0-1

[Event "Jerry Hanken FIDE op"]
[Site "Stillwater USA"]
[Date "2012.02.18"]
[Round "1.1"]
[White "Hansen, Eric"]
[Black "Vaughn, Herbert"]
[Result "1-0"]
[WhiteElo "2446"]
[BlackElo "1916"]
[PlyCount "71"]
[GameId "2130307700772412"]
[EventDate "2012.02.18"]
[EventType "swiss"]
[EventRounds "8"]
[EventCountry "USA"]
[SourceTitle "The Week in Chess 903"]
[Source "Mark Crowther"]
[SourceDate "2012.02.27"]
[SourceVersion "1"]
[SourceVersionDate "2012.02.27"]
[SourceQuality "2"]

1. e4 e5 2. Nf3 Nc6 3. Bb5 Nf6 4. d3 d6 5. c3 a6 6. Ba4 Be7 7. Nbd2 O-O 8. Nf1 Re8 9. Ng3 b5 10. Bc2 Bb7 11. O-O Bf8 12. Re1 h6 13. a4 d5 14. Qe2 d4 15. Bd2 Bc5 16. Bb3 dxc3 17. bxc3 b4 18. a5 bxc3 19. Bxc3 Ng4 20. Rf1 Nf6 21. Ba4 Qc8 22. Rab1 Nd7 23. Qa2 Bd6 24. Rxb7 Qxb7 25. Rb1 Nb6 26. axb6 cxb6 27. Qd5 b5 28. Qxd6 Red8 29. Qc5 Rac8 30. Bb3 Rxd3 31. Bd5 Qd7 32. Ba1 Nd4 33. Nxe5 Nf3+ 34. gxf3 Qh3 35. Qe7 Rdc3 36. Bxc3 1-0

[Event "Jerry Hanken FIDE op"]
[Site "Stillwater USA"]
[Date "2012.02.18"]
[Round "2.1"]
[White "Wawrzaszek, Jason"]
[Black "Hansen, Eric"]
[Result "0-1"]
[WhiteElo "1997"]
[BlackElo "2446"]
[PlyCount "40"]
[GameId "2130307700780616"]
[EventDate "2012.02.18"]
[EventType "swiss"]
[EventRounds "8"]
[EventCountry "USA"]
[SourceTitle "The Week in Chess 903"]
[Source "Mark Crowther"]
[SourceDate "2012.02.27"]
[SourceVersion "1"]
[SourceVersionDate "2012.02.27"]
[SourceQuality "2"]

1. e4 c5 2. Nf3 e6 3. d4 cxd4 4. Nxd4 a6 5. Nc3 Qc7 6. Be2 Nf6 7. O-O Bb4 8. Qd3 Nc6 9. Nxc6 bxc6 10. Bg5 d5 11. Rad1 Bb7 12. Bf3 O-O 13. Rfe1 Nd7 14. exd5 cxd5 15. Qd4 Bd6 16. Qh4 Ne5 17. Be2 Rac8 18. Bd3 f5 19. f4 Ng4 20. Qg3 h6 0-1

[Event "Jerry Hanken FIDE op"]
[Site "Stillwater USA"]
[Date "2012.02.18"]
[Round "3.1"]
[White "Hansen, Eric"]
[Black "Belanoff, Ted"]
[Result "1-0"]
[WhiteElo "2446"]
[BlackElo "1997"]
[PlyCount "49"]
[GameId "2130307700780635"]
[EventDate "2012.02.18"]
[EventType "swiss"]
[EventRounds "8"]
[EventCountry "USA"]
[SourceTitle "The Week in Chess 903"]
[Source "Mark Crowther"]
[SourceDate "2012.02.27"]
[SourceVersion "1"]
[SourceVersionDate "2012.02.27"]
[SourceQuality "2"]

1. e4 e5 2. Nf3 Nc6 3. Bb5 a6 4. Ba4 b5 5. Bb3 Bc5 6. a4 b4 7. c3 Qf6 8. O-O Nge7 9. d4 exd4 10. Bg5 Qg6 11. Bxe7 Bxe7 12. cxd4 O-O 13. Nbd2 Rb8 14. Rc1 Na5 15. Ba2 d6 16. Rxc7 Bd8 17. Rc1 Bh3 18. Ne1 Bg5 19. f4 Bh4 20. Qe2 Rfe8 21. f5 Bxf5 22. exf5 Qg5 23. Qd3 Re3 24. Ndf3 Qe7 25. Qxa6 1-0

[Event "Jerry Hanken FIDE op"]
[Site "Stillwater USA"]
[Date "2012.02.19"]
[Round "5"]
[White "Hansen, Eric"]
[Black "Veal, Joe Dean"]
[Result "1-0"]
[WhiteElo "2446"]
[BlackElo "1962"]
[PlyCount "57"]
[GameId "2130307700780660"]
[EventDate "2012.02.18"]
[EventType "swiss"]
[EventRounds "8"]
[EventCountry "USA"]
[SourceTitle "CBM 147 Extra"]
[Source "ChessBase"]
[SourceDate "2012.04.24"]
[SourceVersion "1"]
[SourceVersionDate "2012.04.24"]
[SourceQuality "1"]

1. e4 c5 2. Nf3 d6 3. d4 cxd4 4. Nxd4 Nf6 5. Nc3 g6 6. Be2 Bg7 7. O-O O-O 8. Re1 Nc6 9. Nb3 Be6 10. Bg5 a6 11. Bf1 b5 12. Nd5 Bxd5 13. exd5 Ne5 14. a4 Nc4 15. Nd4 Nxb2 16. Qf3 Rc8 17. axb5 h6 18. Bc1 Nc4 19. Nc6 Ne5 20. Rxe5 Rxc6 21. dxc6 dxe5 22. Rxa6 e4 23. Qe2 Qc7 24. c4 Rd8 25. Be3 Qd6 26. Ra7 Ne8 27. c5 Qd5 28. c7 Ra8 29. b6 1-0

[Event "Jerry Hanken FIDE op"]
[Site "Stillwater USA"]
[Date "2012.02.19"]
[Round "6"]
[White "Berry, James E"]
[Black "Hansen, Eric"]
[Result "0-1"]
[WhiteElo "2005"]
[BlackElo "2446"]
[PlyCount "38"]
[GameId "2130307700780677"]
[EventDate "2012.02.18"]
[EventType "swiss"]
[EventRounds "8"]
[EventCountry "USA"]
[SourceTitle "CBM 147 Extra"]
[Source "ChessBase"]
[SourceDate "2012.04.24"]
[SourceVersion "1"]
[SourceVersionDate "2012.04.24"]
[SourceQuality "1"]

1. e4 c5 2. Nf3 e6 3. d4 cxd4 4. Nxd4 a6 5. Bd3 Bc5 6. Nb3 Be7 7. O-O d6 8. Be3 Nd7 9. Nc3 Ngf6 10. Qe2 Qc7 11. a4 b6 12. f4 g6 13. f5 gxf5 14. exf5 e5 15. Rad1 Bb7 16. Bc4 Rg8 17. Nd5 Qc6 18. Rd2 Rg4 19. Nxe7 Qxc4 0-1

[Event "Jerry Hanken FIDE op"]
[Site "Stillwater USA"]
[Date "2012.02.20"]
[Round "7.1"]
[White "Botez, Alexandra"]
[Black "Hansen, Eric"]
[Result "0-1"]
[WhiteElo "1995"]
[BlackElo "2446"]
[PlyCount "78"]
[GameId "2130307700780691"]
[EventDate "2012.02.18"]
[EventType "swiss"]
[EventRounds "8"]
[EventCountry "USA"]
[SourceTitle "The Week in Chess 903"]
[Source "Mark Crowther"]
[SourceDate "2012.02.27"]
[SourceVersion "1"]
[SourceVersionDate "2012.02.27"]
[SourceQuality "2"]

1. d4 c5 2. d5 e5 3. Nf3 d6 4. e4 Bg4 5. Be2 Bxf3 6. Bb5+ Nd7 7. Qxf3 a6 8. Bxd7+ Qxd7 9. a4 g6 10. h4 f5 11. h5 fxe4 12. Qe2 Qf7 13. Ra3 gxh5 14. c4 Be7 15. Nc3 h4 16. Nxe4 Qg6 17. f4 exf4 18. Bxf4 O-O-O 19. O-O h5 20. Rb3 Rh7 21. Rb6 h3 22. Rf3 Qg4 23. Qf2 Nf6 24. Ng5 Nd7 25. Rxd6 Bxg5 26. Rg6 Qf5 27. Rxg5 Qe4 28. b3 hxg2 29. Kxg2 Rf7 30. Qe3 Qh7 31. Kh3 Rdf8 32. d6 Rf5 33. Qe7 R5f7 34. Qe3 Kb8 35. Rd5 Qb1 36. Rf2 Qh1+ 37. Rh2 Qf1+ 38. Rg2 Rxf4 39. Qe7 Qh1+ 0-1

[Event "Jerry Hanken FIDE op"]
[Site "Stillwater USA"]
[Date "2012.02.20"]
[Round "8"]
[White "Hansen, Eric"]
[Black "Langer, Mikhail"]
[Result "1-0"]
[WhiteElo "2446"]
[BlackElo "2212"]
[PlyCount "57"]
[GameId "2130307700780700"]
[EventDate "2012.02.18"]
[EventType "swiss"]
[EventRounds "8"]
[EventCountry "USA"]
[SourceTitle "CBM 147 Extra"]
[Source "ChessBase"]
[SourceDate "2012.04.24"]
[SourceVersion "1"]
[SourceVersionDate "2012.04.24"]
[SourceQuality "1"]

1. d4 Nf6 2. c4 c5 3. d5 e6 4. Nc3 exd5 5. cxd5 d6 6. Nf3 g6 7. h3 a6 8. a4 Qe7 9. Bf4 Nh5 10. Bh2 f5 11. e3 f4 12. Bd3 Bh6 13. O-O O-O 14. Qc2 Bg7 15. Rae1 Qd8 16. Ne4 b5 17. b3 Qb6 18. Qd2 Bh6 19. Nfg5 Bf5 20. exf4 Nd7 21. g4 Bxe4 22. Bxe4 Bxg5 23. fxg5 Ng7 24. a5 Qc7 25. Bg2 Rf7 26. Re6 Ne5 27. Bxe5 dxe5 28. d6 Qd7 29. Rxe5 1-0

[Event "UTD GM inv."]
[Site "Richardson USA"]
[Date "2011.12.16"]
[Round "3"]
[White "Hansen, Eric"]
[Black "Chirila, Ioan Christian"]
[Result "0-1"]
[WhiteElo "2447"]
[BlackElo "2523"]
[PlyCount "99"]
[GameId "2130307702166658"]
[EventDate "2011.12.15"]
[EventType "tourn"]
[EventRounds "9"]
[EventCountry "USA"]
[EventCategory "10"]
[SourceTitle "The Week in Chess 893"]
[Source "Mark Crowther"]
[SourceDate "2011.12.19"]
[SourceVersion "1"]
[SourceVersionDate "2011.12.19"]
[SourceQuality "2"]

1. d4 d5 2. c4 e6 3. Nf3 c6 4. Nc3 dxc4 5. Bg5 Nf6 6. e4 b5 7. e5 h6 8. Bh4 g5 9. Bg3 Nd5 10. Nd2 Be7 11. Be2 Nd7 12. Nde4 Qb6 13. a4 Bb7 14. a5 Qa6 15. O-O c5 16. b3 Rc8 17. Nxb5 Qxb5 18. bxc4 Qc6 19. cxd5 Qxd5 20. Bf3 Qxd4 21. Qe2 Bxe4 22. Bxe4 c4 23. Rfd1 Qc5 24. Bc2 Nb8 25. Qf3 Nc6 26. Rab1 Nd4 27. Qb7 Rd8 28. Ba4+ Kf8 29. Kh1 Qxa5 30. Ra1 Qc5 31. f4 Nf5 32. Bc2 Rxd1+ 33. Rxd1 Nxg3+ 34. hxg3 Qf2 35. Bg6 fxg6 36. Qc8+ Kg7 37. Qxe6 Re8 38. Rd7 Qxg3 39. Rxe7+ Rxe7 40. Qxe7+ Kg8 41. Qe6+ Kg7 42. Qd7+ Kg8 43. Qc8+ Kg7 44. Qc7+ Kf8 45. Qd8+ Kg7 46. Qc7+ Kf8 47. Qd8+ Kg7 48. Qd7+ Kf8 49. Qd8+ Kg7 50. Qe7+ 0-1

[Event "UTD GM inv."]
[Site "Richardson USA"]
[Date "2011.12.17"]
[Round "5"]
[White "Hansen, Eric"]
[Black "Pavlovic, Milos M"]
[Result "1-0"]
[WhiteElo "2447"]
[BlackElo "2486"]
[PlyCount "159"]
[GameId "2130307702166666"]
[EventDate "2011.12.15"]
[EventType "tourn"]
[EventRounds "9"]
[EventCountry "USA"]
[EventCategory "10"]
[SourceTitle "The Week in Chess 893"]
[Source "Mark Crowther"]
[SourceDate "2011.12.19"]
[SourceVersion "1"]
[SourceVersionDate "2011.12.19"]
[SourceQuality "2"]

1. d4 Nf6 2. c4 c5 3. d5 b5 4. cxb5 a6 5. bxa6 g6 6. g3 d6 7. Nc3 Bg7 8. Bg2 O-O 9. Nf3 Nbd7 10. O-O Nb6 11. Nh4 Bxa6 12. Rb1 Nfd7 13. Qc2 Nc4 14. b3 Qa5 15. Na4 Rfb8 16. Nf3 Nde5 17. Nxe5 Nxe5 18. Bd2 Qc7 19. Rfe1 Bc8 20. h3 Bf5 21. e4 Bc8 22. f4 Nd7 23. Bc3 Bxc3 24. Nxc3 c4 25. Kh2 cxb3 26. axb3 Ra3 27. Rec1 Qc5 28. b4 Qe3 29. Qb2 Raa8 30. Ne2 Ra3 31. Rf1 Ra4 32. Qc2 Rba8 33. Rb2 Nf6 34. Qc3 Ra3 35. Qxe3 Rxe3 36. Rf3 Raa3 37. Rxe3 Rxe3 38. Rc2 Ba6 39. Nd4 Nxe4 40. Rc7 Nxg3 41. b5 Bxb5 42. Nxb5 Nf5 43. Rc2 h5 44. Rd2 Kg7 45. Nd4 Nxd4 46. Rxd4 Kf6 47. h4 Kf5 48. Bh3+ Kf6 49. Bf1 Re1 50. Kg2 Re3 51. Kf2 Rc3 52. Rd3 Rc2+ 53. Kg3 Rc1 54. Be2 Rg1+ 55. Kf2 Rc1 56. Bf3 Kf5 57. Re3 Kf6 58. Be4 Rc4 59. Kg3 Rd4 60. Kf2 Rd2+ 61. Re2 Rd4 62. Ke3 Rb4 63. Rf2 Rb3+ 64. Bd3 Rb4 65. f5 Kg7 66. fxg6 fxg6 67. Rf4 Rb2 68. Re4 Kf7 69. Rf4+ Kg7 70. Re4 Kf7 71. Re6 Rg2 72. Kf3 Rg4 73. Ke3 Rg3+ 74. Kd4 Rg4+ 75. Kc3 Rg3 76. Kc4 Rg4+ 77. Kb5 g5 78. hxg5 Rxg5 79. Kc6 h4 80. Rh6 1-0

[Event "UTD GM inv."]
[Site "Richardson USA"]
[Date "2011.12.18"]
[Round "6"]
[White "Holt, Conrad"]
[Black "Hansen, Eric"]
[Result "1/2-1/2"]
[WhiteElo "2461"]
[BlackElo "2447"]
[PlyCount "120"]
[GameId "2130307702166669"]
[EventDate "2011.12.15"]
[EventType "tourn"]
[EventRounds "9"]
[EventCountry "USA"]
[EventCategory "10"]
[SourceTitle "The Week in Chess 893"]
[Source "Mark Crowther"]
[SourceDate "2011.12.19"]
[SourceVersion "1"]
[SourceVersionDate "2011.12.19"]
[SourceQuality "2"]

1. d4 Nf6 2. c4 d6 3. Nf3 Nbd7 4. Nc3 e5 5. e4 c6 6. Be2 Be7 7. O-O O-O 8. Qc2 a6 9. Rd1 Qc7 10. Rb1 Re8 11. b4 Nf8 12. h3 Nh5 13. Be3 Nf4 14. Bf1 N8g6 15. dxe5 dxe5 16. Na4 Be6 17. Bb6 Qb8 18. Rd2 Rf8 19. Nc5 Bc8 20. Nd7 Bxd7 21. Rxd7 Ne6 22. Qd2 Re8 23. b5 Bc5 24. Bxc5 Nxc5 25. bxc6 Nxd7 26. Rxb7 Ra7 27. Rxb8 Nxb8 28. Qd6 Rc8 29. Nxe5 Nxe5 30. Qxe5 Nxc6 31. Qd6 Rac7 32. Be2 Re7 33. Bg4 Rcc7 34. e5 h5 35. Bf5 g6 36. Bxg6 fxg6 37. Qxg6+ Kf8 38. f4 Nd4 39. f5 Nf3+ 40. Kh1 Nxe5 41. Qxh5 Nf7 42. Qg6 Rc5 43. Qxa6 Re8 44. Qa3 Rec8 45. f6 Kg8 46. h4 Kh8 47. Qg3 Rg8 48. Qf3 Re5 49. a4 Rg6 50. g3 Kh7 51. Kg2 Re6 52. g4 Rgxf6 53. Qd3+ Kg7 54. Qd4 Kg6 55. a5 Re2+ 56. Kg1 Ne5 57. Qd5 Re1+ 58. Kg2 Re2+ 59. Kg1 Re1+ 60. Kg2 Re2+ 1/2-1/2

[Event "UTD GM inv."]
[Site "Richardson USA"]
[Date "2011.12.19"]
[Round "7"]
[White "Hansen, Eric"]
[Black "Wang, Puchen"]
[Result "1/2-1/2"]
[WhiteElo "2447"]
[BlackElo "2441"]
[PlyCount "148"]
[GameId "2130307702166674"]
[EventDate "2011.12.15"]
[EventType "tourn"]
[EventRounds "9"]
[EventCountry "USA"]
[EventCategory "10"]
[SourceTitle "The Week in Chess 894"]
[Source "Mark Crowther"]
[SourceDate "2011.12.26"]
[SourceVersion "1"]
[SourceVersionDate "2011.12.26"]
[SourceQuality "2"]

1. e4 c5 2. Nf3 d6 3. d4 cxd4 4. Nxd4 Nf6 5. Nc3 a6 6. Be2 e5 7. Nb3 Be7 8. O-O O-O 9. Re1 Be6 10. Bf3 Nbd7 11. Nd2 Rc8 12. Nf1 b5 13. Ne3 Nb6 14. a4 b4 15. Ncd5 Nfxd5 16. exd5 Bd7 17. a5 Na4 18. Be2 Rc5 19. Nc4 Qc7 20. Ra2 Bb5 21. Nb6 Nxb6 22. axb6 Qb7 23. Bf3 Bd8 24. Bd2 Rc4 25. Be2 Rc5 26. Bf3 Rc4 27. Be2 Rc5 28. Bf3 b3 29. cxb3 Bxb6 30. Bb4 Rcc8 31. Qd2 Bc5 32. Raa1 Bxb4 33. Qxb4 Qb6 34. Rac1 f5 35. Be2 h6 36. Bxb5 axb5 37. h3 e4 38. Rc4 Rc5 39. Rxc5 dxc5 40. Qc3 Qd6 41. Qd2 Kh8 42. Rc1 Rc8 43. b4 c4 44. b3 c3 45. Rxc3 Rxc3 46. Qxc3 Qxd5 47. Qc5 Qd7 48. Qe5 Kh7 49. Kh2 Kg6 50. Kg1 Kf7 51. Kh2 Kg6 52. Kg1 Kf7 53. Kh2 h5 54. Kg1 g6 55. Kh2 h4 56. Qh8 Qd6+ 57. Kg1 Qf6 58. Qb8 Qc6 59. Qf4 Qf6 60. Qb8 Qa1+ 61. Kh2 Qd4 62. Qf4 Qd8 63. Qe5 Qd7 64. Kg1 g5 65. Qh8 Qd1+ 66. Kh2 Qd6+ 67. Kg1 Qd1+ 68. Kh2 Qd6+ 69. Kg1 Qe7 70. Qh7+ Kf6 71. Qh8+ Kf7 72. Qh7+ Kf6 73. Qh8+ Ke6 74. Qg8+ Kf6 1/2-1/2

[Event "UTD GM inv."]
[Site "Richardson USA"]
[Date "2011.12.19"]
[Round "8"]
[White "Bercys, Salvijus"]
[Black "Hansen, Eric"]
[Result "1/2-1/2"]
[WhiteElo "2464"]
[BlackElo "2447"]
[PlyCount "44"]
[GameId "2130307702166676"]
[EventDate "2011.12.15"]
[EventType "tourn"]
[EventRounds "9"]
[EventCountry "USA"]
[EventCategory "10"]
[SourceTitle "The Week in Chess 894"]
[Source "Mark Crowther"]
[SourceDate "2011.12.26"]
[SourceVersion "1"]
[SourceVersionDate "2011.12.26"]
[SourceQuality "2"]

1. d4 Nf6 2. Nf3 e6 3. c4 Bb4+ 4. Bd2 Bxd2+ 5. Qxd2 O-O 6. Nc3 d5 7. e3 Qe7 8. cxd5 exd5 9. Bd3 Be6 10. O-O Nbd7 11. Rac1 c6 12. h3 h6 13. a3 Nb6 14. Ne5 Rad8 15. f4 Nfd7 16. Qf2 Nxe5 17. fxe5 f6 18. Qh4 Nc8 19. exf6 Rxf6 20. Rxf6 Qxf6 21. Qxf6 gxf6 22. Rf1 Kg7 1/2-1/2

[Event "National op"]
[Site "Las Vegas USA"]
[Date "2010.06.11"]
[Round "1"]
[White "Heung, Christopher"]
[Black "Hansen, Eric"]
[Result "0-1"]
[WhiteElo "2082"]
[BlackElo "2410"]
[PlyCount "80"]
[GameId "2129405078511728"]
[EventDate "2010.06.11"]
[EventType "swiss"]
[EventRounds "6"]
[EventCountry "USA"]
[SourceTitle "The Week in Chess 814"]
[Source "Mark Crowther"]
[SourceDate "2010.06.14"]
[SourceVersion "1"]
[SourceVersionDate "2010.06.14"]
[SourceQuality "2"]

1. e4 c5 2. Nf3 e6 3. d4 cxd4 4. Nxd4 a6 5. Bd3 Bc5 6. Nb3 Be7 7. Qg4 g6 8. Qe2 Nc6 9. O-O d6 10. f4 Nf6 11. c4 O-O 12. Nc3 Nd7 13. Be3 b6 14. Nd4 Nxd4 15. Bxd4 Bb7 16. Rad1 Qc7 17. Qf2 Rad8 18. Na4 b5 19. cxb5 axb5 20. Nc3 b4 21. Nb5 Qa5 22. f5 e5 23. Be3 Bc6 24. Na7 Ba8 25. Kh1 d5 26. exd5 Bxd5 27. Bb5 Qxa2 28. Bxd7 Rxd7 29. f6 Bd8 30. Bc5 Re8 31. Qh4 Qa6 32. Ra1 Qe6 33. Nc8 Bxg2+ 34. Kxg2 Qc6+ 35. Rf3 Qxc5 36. Ra8 Rd2+ 37. Kh3 Qc6 38. Ne7+ Rxe7 39. fxe7 Qxf3+ 40. Qg3 Qh5+ 0-1

[Event "National op"]
[Site "Las Vegas USA"]
[Date "2010.06.13"]
[Round "6"]
[White "Chakraborty, Dipro"]
[Black "Hansen, Eric"]
[Result "0-1"]
[WhiteElo "2135"]
[BlackElo "2410"]
[PlyCount "66"]
[GameId "2129405078511840"]
[EventDate "2010.06.11"]
[EventType "swiss"]
[EventRounds "6"]
[EventCountry "USA"]
[SourceTitle "The Week in Chess 814"]
[Source "Mark Crowther"]
[SourceDate "2010.06.14"]
[SourceVersion "1"]
[SourceVersionDate "2010.06.14"]
[SourceQuality "2"]

1. e4 c5 2. Nf3 e6 3. d4 cxd4 4. Nxd4 a6 5. Bd3 Bc5 6. Nb3 Be7 7. c4 Nc6 8. Nc3 Nf6 9. O-O O-O 10. Be3 d6 11. Rc1 b6 12. Qe2 Bb7 13. f4 Nd7 14. Bb1 Rb8 15. Rf3 g6 16. Nd2 Nc5 17. Rff1 b5 18. Nd5 exd5 19. cxd5 Nb4 20. a3 Nxd5 21. exd5 Bxd5 22. Qg4 f5 23. Qh3 Bf6 24. b4 Na4 25. g4 fxg4 26. Qxg4 Re8 27. Bf2 Nc3 28. Rfe1 Nxb1 29. Nxb1 Rxe1+ 30. Rxe1 Qc8 31. Qe2 Qh3 32. Be3 Re8 33. Qf2 Bh4 0-1

[Event "WYCC-U18"]
[Site "Antalya TUR"]
[Date "2009.11.12"]
[Round "1.23"]
[White "Hansen, Eric"]
[Black "Me, Kevin"]
[Result "1-0"]
[WhiteElo "2409"]
[BlackElo "2119"]
[PlyCount "55"]
[GameId "2129405082238494"]
[EventDate "2009.11.12"]
[EventType "swiss"]
[EventRounds "11"]
[EventCountry "TUR"]

1. d4 Nf6 2. c4 g6 3. Nc3 Bg7 4. e4 d6 5. Bd3 O-O 6. Nge2 e5 7. d5 Na6 8. O-O Ne8 9. Be3 f5 10. exf5 gxf5 11. f4 c6 12. Qd2 Nac7 13. Bc2 e4 14. Bd4 c5 15. Bxg7 Kxg7 16. a4 Nf6 17. Nd1 a5 18. Ne3 Qe8 19. h3 h5 20. Qe1 Qg6 21. Ra3 Kf7 22. Qh4 Rg8 23. Kh2 Na6 24. Ng3 Bd7 25. Bd1 Rh8 26. Qg5 Qh7 27. Ngxf5 Bxf5 28. Nxf5 1-0

[Event "WYCC-U18"]
[Site "Antalya TUR"]
[Date "2009.11.13"]
[Round "2.18"]
[White "Karayev, Assylkhan"]
[Black "Hansen, Eric"]
[Result "0-1"]
[WhiteElo "2275"]
[BlackElo "2409"]
[PlyCount "56"]
[GameId "2129405082246731"]
[EventDate "2009.11.12"]
[EventType "swiss"]
[EventRounds "11"]
[EventCountry "TUR"]

1. Nf3 Nf6 2. d4 e6 3. Bf4 c5 4. c3 Nc6 5. e3 Nh5 6. Bg5 Qb6 7. Qb3 h6 8. Bh4 g5 9. Bg3 Nxg3 10. hxg3 Bg7 11. Na3 g4 12. Nd2 d5 13. O-O-O c4 14. Qc2 Qa5 15. e4 h5 16. Re1 Kf8 17. Ndxc4 dxc4 18. Bxc4 Bd7 19. Nb1 Ne7 20. f4 b5 21. Bb3 Qc7 22. Ref1 a5 23. Qd3 Rb8 24. f5 exf5 25. e5 a4 26. Bc2 b4 27. cxb4 Rxb4 28. Nd2 Be6 0-1

[Event "WYCC-U18"]
[Site "Antalya TUR"]
[Date "2009.11.14"]
[Round "3.16"]
[White "Hansen, Eric"]
[Black "Eiti, Bashir"]
[Result "1-0"]
[WhiteElo "2409"]
[BlackElo "1813"]
[PlyCount "91"]
[GameId "2129405082246779"]
[EventDate "2009.11.12"]
[EventType "swiss"]
[EventRounds "11"]
[EventCountry "TUR"]

1. Nf3 Nf6 2. d4 d5 3. c4 c6 4. e3 e6 5. Bd3 Nbd7 6. O-O Bd6 7. Nbd2 O-O 8. Qe2 e5 9. cxd5 cxd5 10. dxe5 Nxe5 11. Nxe5 Bxe5 12. h3 Re8 13. Nf3 Bc7 14. b3 Ne4 15. Bb2 Qd6 16. Rfd1 Ng5 17. Kf1 Nxh3 18. gxh3 Bxh3+ 19. Ke1 Ba5+ 20. Nd2 Qh2 21. Qf3 h5 22. Bf5 Bg2 23. Qg3 Qxg3 24. fxg3 Bf3 25. Kf2 Bxd1 26. Rxd1 g6 27. Bb1 Bb6 28. Nf1 Rad8 29. Bd3 Re6 30. Kf3 Rde8 31. Bb5 Rd8 32. b4 f6 33. Ba4 Kf8 34. Bc2 Kg7 35. Bb3 Red6 36. Nh2 Re8 37. Rd3 Rde6 38. Nf1 Re4 39. Rxd5 Rxe3+ 40. Nxe3 Rxe3+ 41. Kf4 Re1 42. Ba4 Bc7+ 43. Kf3 Kf7 44. Bd4 a6 45. Bc5 Ke6 46. Bb3 1-0